000 00643nam a2200181 i 4500
001 26494
003 ES-MaACL
005 20250824063027.0
007 t|
008 030109s1943 sp ||||1| spa d
100 1 _aAunós Pérez, Eduardo,
_d1894-1967
_923920
245 1 0 _aAbolengo y prestigio de la Fundación Judicial
_b: discurso leído en la solemne apertura de los tribunales, celebrada el 15 de septiembre de 1945 /
_cpor Eduardo Aunós Pérez.
260 _aMadrid :
_bReus,
_c1943.
300 _a60 p. ;
_c24 cm.
710 2 _aFundación Judicial.
_94353
852 _aES-MaACL
_jG-8461
_bR.21379
999 _c26494
_d26494